000 01389cam a2200205 4500
001 ##L133704
008 060605n2006 000 0 eng u
035 _a(Sirsi) u133704
041 0 _aeng
050 0 4 _a711.52 $2 18
110 2 _aTown and Country Planning Association
_bHetherington Commission on the Future Development Needs and Priorities of England
_94942
245 0 0 _aConnecting England
_ba framework for regional development: final report of the TCPA-appointed Hetherington Commission on the Future Development Needs and Priorities of England
260 _aLondon
_bTCPA
_c2006
520 _aArgues the urgent need to create a development framework for England. Wales, Scotland, Northern Ireland and most western European countries already have one. The commission recommends creating a nationally agreed infrastructure framework, managing the regional impacts of local decisions, region-proofing government investment decisions, ensuring best value in Whitehall spending, delivering major projects more effectively and helping realise national policies for economic growth, social justice and the environment.
590 _aIKA060606
651 4 _aEngland
_y886-
690 _aENVIRONMENTAL AND LAND CONSULTANCY-PLANNING AND DEVELOPMENT-STRATEGIC PLANNING
856 4 0 _uhttps://www.tcpa.org.uk/news.asp
_zView the report free of charge at www.tcpa.org.uk...
942 _n0
999 _c105455
_d105455